书目信息 |
| 题名: |
笑对人生
|
|
| 作者: | 陈忠和 , 陈继共 著 | |
| 分册: | ||
| 出版信息: | 福州 海潮摄影艺术出版社 2004 |
|
| 页数: | 10,271页 | |
| 开本: | 21cm | |
| 丛书名: | ||
| 单 册: | ||
| 中图分类: | K825.47 | |
| 科图分类: | ||
| 主题词: | 排球运动 , 教练员 , 排球运动--教练员--传记--中国--现代 | |
| 电子资源: | ||
| ISBN: | 7-80691-060-3 | |
| 000 | 01026nam0 2200301 450 | |
| 001 | 070027187880 | |
| 005 | 20051209101151.35 | |
| 010 | @a7-80691-060-3@dCNY26.00 | |
| 092 | @aCN | |
| 100 | @a20041227d2004 ekmy0chiy0120 ea | |
| 101 | 0 | @achi |
| 102 | @aCN@b350000 | |
| 105 | @aa z 000yd | |
| 200 | 1 | @a笑对人生@9xiao dui ren sheng@e陈忠和自述@f陈忠和,陈继共著@Fchen zhong he,chen ji gong zhu |
| 210 | @a福州@c海潮摄影艺术出版社@d2004 | |
| 215 | @a10,271页@c彩照(12页)@d21cm | |
| 330 | @a新女排冲破坚冰、东山再起的艰难磨练,“让球事件”引发的轩然大波,兄死父亡妻逝的人生磨难,勇夺世界杯桂冠,感动中国……陈忠和,一个热血男儿,一个激扬历史的人物。 | |
| 517 | 1 | @a陈忠和自述@9chen zhong he zi shu |
| 606 | 0 | @a排球运动 |
| 606 | 0 | @a教练员 |
| 606 | 0 | @a排球运动@x教练员@x传记@y中国@z现代 |
| 610 | 0 | @a陈忠和(1957~) |
| 690 | @aK825.47@v4 | |
| 701 | 0 | @a陈忠和@Achen zhong he@4著 |
| 701 | 0 | @a陈继共@Achen ji gong@4著 |
| 801 | 0 | @aCN@bCXYBOOK@c20051209 |
| 905 | @a10447@dK825.47@e372CZ | |
| 999 | @aAFJ | |
| 笑对人生:陈忠和自述/陈忠和,陈继共著.-福州:海潮摄影艺术出版社,2004 |
| 10,271页:彩照(12页);21cm |
| ISBN 7-80691-060-3:CNY26.00 |
| 新女排冲破坚冰、东山再起的艰难磨练,“让球事件”引发的轩然大波,兄死父亡妻逝的人生磨难,勇夺世界杯桂冠,感动中国……陈忠和,一个热血男儿,一个激扬历史的人物。 |
| ● |
| 相关链接 |
|
|
|
|
正题名:笑对人生
索取号:K825.47/372CZ
 
预约/预借
| 序号 | 登录号 | 条形码 | 馆藏地/架位号 | 状态 | 备注 |
| 1 | 0370721 | 203707211 | 第二样本阅览室/ [索取号:K825.47/372CZ] | 在馆 | |
| 2 | 0370722 | 203707220 | 第二借阅区/ [索取号:K825.47/372CZ] | 在馆 | |
| 3 | 0370723 | 203707239 | 第二借阅区/ [索取号:K825.47/372CZ] | 在馆 | |
| 4 | 0370724 | 203707248 | 第二借阅区/ [索取号:K825.47/372CZ] | 在馆 | |
| 5 | 0370725 | 203707257 | 第二借阅区/ [索取号:K825.47/372CZ] | 在馆 |